|
|
|
|
| LEADER |
00000nam a22000007a 4500 |
| 005 |
20180319235139.0 |
| 007 |
cr|||| |||| |
| 008 |
180319s2017 es |||||s|||| 00||0 spa d |
| 020 |
|
|
|a 978-84-9148-169-0
|
| 035 |
|
|
|a 21093
|
| 040 |
|
|
|a vLex
|
| 090 |
|
|
|c 7497
|d 7497
|
| 100 |
1 |
|
|a Becerril, Diego
|
| 245 |
1 |
2 |
|a La custodia compartida en Espaą
|h [Recurso electrn̤ico] /
|c Diego Becerril, Mar Venegas
|
| 256 |
|
|
|a Servicio en ln̕ea
|
| 260 |
|
|
|a Madrid:
|b Dykinson,
|c 2017
|
| 300 |
|
|
|a 1 recurso electrn̤ico
|
| 506 |
1 |
|
|a Disponible solo en los productos indicados
|d vLex Global
|d vLex Global (Academic Edition, excluding Law Schools)
|d vLex Global (U.S. Academic Edition, Law Schools)
|d vLex Global (U.S. Academic Edition, excluding Law Schools)
|d vLex Global (Academic Edition, Law Schools)
|
| 650 |
0 |
4 |
|a Familia y Sucesiones
|z Espaą
|
| 700 |
1 |
|
|a Venegas, Mar
|
| 740 |
0 |
|
|a vLex Libros (Servicio en ln̕ea)
|
| 856 |
4 |
0 |
|u http://vlex.com/source/custodia-compartida-espa-a-21093
|z Acceso restringido
|
| 942 |
|
|
|c BOOK
|
| 999 |
0 |
|
|a Family and Successions
|